Herbert von Karajan his legacy for Home Video

Η Ενάτη Συμφωνία του Beethoven αποτελεί το μεγαλύτερο μέρος της μουσικής που έγραψε κατα τα τελευταία χρόνια της ζωής του. Ενα έργο που οραματίζεται το ουτοπικό μέλλον της οικουμενικής αδελφοσύνης, γι αυτό και επικράτησε να ακούγεται σε σημαντικές ιστορικές επετείους...

Πλήρης περιγραφή

Αποθηκεύτηκε σε:
Λεπτομέρειες βιβλιογραφικής εγγραφής
Συλλογικό Έργο: Berliner Philharmoniker, Sony Clasical (Firm), Telemondial (Firm)
Άλλοι συγγραφείς: Karajan, Herbert von, Beethoven, Ludwig van, 1770-1827
Μορφή: Βίντεο DVD
Γλώσσα:English
French
German
Δημοσίευση: [χ.τ.] : [Telemondial], 1990
Θέματα:
Ετικέτες: Προσθήκη ετικέτας
Δεν υπάρχουν, Καταχωρήστε ετικέτα πρώτοι!

MARC

LEADER 00000 gm a2200000 i 4500
001 1/27643
007 vd cuui
008 060405s1990 engod
035 |l 10083452 
040 |a GR-MY-UA  |b gre  |e aacr 
041 0 |a eng  |a fre  |a ger 
082 0 |a 781.68  |2 (22) 
245 1 0 |a Herbert von Karajan  |h [μαγνητοσκόπηση] :  |b his legacy for Home Video 
246 3 3 |a Ludwig Van Beethoven 
260 |a [χ.τ.] :   |b [Telemondial],   |c 1990 
300 |a 1 βιντεοδίσκος (69 λεπτ.);  |b ομιλ., έγχρ.;  |c 4 3/4 ίν. 
500 |a The reference collection 
500 |a 1.Allegro ma non troppo, un poco maestoso 2. Molto vivace 3. Adagio molto a cantabile 4. Presto-Allegro assai - Rezitativo (Baritone) - Allegro assai 
505 0 |a Disc 1:Ludwig Van BeethovenSymphony No 9Choral 
520 |a Η Ενάτη Συμφωνία του Beethoven αποτελεί το μεγαλύτερο μέρος της μουσικής που έγραψε κατα τα τελευταία χρόνια της ζωής του. Ενα έργο που οραματίζεται το ουτοπικό μέλλον της οικουμενικής αδελφοσύνης, γι αυτό και επικράτησε να ακούγεται σε σημαντικές ιστορικές επετείους 
538 |a DVD format 
600 1 0 |a Karajan Herbert von. 
600 1 0 |a Beethoven, Ludwig van,   |d 1770-1827. 
610 2 0 |a Berliner Philharmoniker. 
650 0 0 |a Music. 
650 0 0 |a Orchestral music. 
650 0 0 |a Symphonies. 
700 1 |a Karajan, Herbert von. 
700 1 |a Beethoven, Ludwig van,   |d 1770-1827. 
710 2 |a Berliner Philharmoniker. 
710 2 |a Sony Clasical (Firm) 
710 2 |a Telemondial (Firm) 
740 0 2 |a Ludwig Van Beethoven 
852 |a INST  |b CHIOS  |c AV  |e 20060405  |h 781.68 HER  |p 005200026482  |q 005200026482  |t DVD  |y 23  |z Disc.1 
852 |a INST  |b CHIOS  |c AV  |e 20060405  |h 781.68 HER  |p 005200026482  |q 005200026482  |t DVD  |v Disc.1:  |y 23  |z Disc.1 
853 |a INST  |b CHIOS  |c AV  |h 781.68 HER 
901 |a BIBL2-2006-1 
909 |a Χ  |b 102705 
970 |a ΧΑΖΙΡΗ  |b ΑΝΝΑ  |z 2006/04/04